| 000 | 00630cam a22002175a 4500 | ||
|---|---|---|---|
| 001 | L157480 | ||
| 008 | 121219s2012 xxk f 000 0 eng d | ||
| 020 | _a9781848062962 | ||
| 035 | _a(Sirsi) u157480 | ||
| 041 | 0 | _aeng | |
| 100 | 1 | _aLittlefair, P. | |
| 245 | 0 | 0 | _aSite layout planning for daylight |
| 260 |
_aWatford _bBRE _c2012 |
||
| 300 |
_a16p. _bill. _c30cm. |
||
| 490 | 0 |
_aBRE Information Paper _v(23/12) |
|
| 520 | _aOutlines revised BRE guidance on site layout planning to acheive good daylighting | ||
| 521 | _aAdvanced | ||
| 651 | 4 |
_aUnited Kingdom _y |
|
| 690 |
_aPlanning and development _96259 |
||
| 942 | _n0 | ||
| 999 |
_c114786 _d114786 |
||